Ley no. 136 sobre autopsia judicial G.O. No. 9532 del 1980 y ley 1587 sobre viajes ilegales G.O no.6719 e impedimento de salida ley No. 2000, G.O. 88-14 (Registro nro. 6365)
[ vista simple ]
| 000 -LEADER | |
|---|---|
| fixed length control field | 00592nam a22001691a 4500 |
| 001 - CONTROL NUMBER | |
| control field | 6365 |
| 003 - CONTROL NUMBER IDENTIFIER | |
| control field | OSt |
| 005 - DATE AND TIME OF LATEST TRANSACTION | |
| control field | 20260204212049.0 |
| 008 - FIXED-LENGTH DATA ELEMENTS--GENERAL INFORMATION | |
| fixed length control field | 060330s19??||||dr ||||||b||||||||||spa|| |
| 050 ## - LIBRARY OF CONGRESS CALL NUMBER | |
| Classification number | RD 616.075 R299l |
| 100 ## - ASIENTO PRINCIPAL -- NOMBRE PERSONAL | |
| Personal name | República Dominicana |
| 245 ## - TÍTULO PROPIAMENTE DICHO: SUBTÍTULO | |
| Title | Ley no. 136 sobre autopsia judicial G.O. No. 9532 del 1980 y ley 1587 sobre viajes ilegales G.O no.6719 e impedimento de salida ley No. 2000, G.O. 88-14 |
| 264 ## - PRODUCTION, PUBLICATION, DISTRIBUTION, MANUFACTURE, AND COPYRIGHT NOTICE | |
| Place of production, publication, distribution, manufacture | Santo Domingo : Congreso Nacional |
| 300 ## - PHYSICAL DESCRIPTION | |
| Extensión | 17 p |
| 650 ## - ASIENTO SECUNDARIO DE MATERIA -- TERMINO TEMÁTICO | |
| Termino Temático Como Elemento de Entrada | 1.Autopsia - Ley 2.Viajes Ilegales - Ley 3.Impedimentos de Salida -LeyÌ |
| 942 ## - ADDED ENTRY ELEMENTS (KOHA) | |
| Source of classification or shelving scheme | Dewey Decimal Classification |
| Koha item type | Libros |
| Withdrawn status | Lost status | Source of classification or shelving scheme | Damaged status | Not for loan | Current library | Date acquired | Full call number | Barcode | Date last seen | Price effective from | Koha item type | Total Checkouts |
|---|---|---|---|---|---|---|---|---|---|---|---|---|
| Dewey Decimal Classification | Dañado | Biblioteca UTECO | 09/09/2019 | RD 616.075 R299L | 011248 | 09/09/2019 | 09/09/2019 | Libros | ||||
| Dewey Decimal Classification | Biblioteca UTECO | 09/09/2019 | RD 616.075 R299L | 011249 | 09/09/2019 | 09/09/2019 | Libros |
